BCIS Wessex painting and decorating estimating price book (Record no. 105383)
[ view plain ]
| 000 -LEADER | |
|---|---|
| fixed length control field | 01133cam a2200277 4500 |
| 001 - CONTROL NUMBER | |
| control field | ##E133329 |
| 008 - FIXED-LENGTH DATA ELEMENTS--GENERAL INFORMATION | |
| fixed length control field | 040406n2006 000 0 eng u |
| 020 ## - INTERNATIONAL STANDARD BOOK NUMBER | |
| International Standard Book Number | 0954736974 |
| 035 ## - SYSTEM CONTROL NUMBER | |
| System control number | (Sirsi) u133329 |
| 041 0# - LANGUAGE CODE | |
| Language code of text/sound track or separate title | eng |
| 050 04 - LIBRARY OF CONGRESS CALL NUMBER | |
| Classification number | 698.1028 $2 18 |
| 245 00 - TITLE STATEMENT | |
| Title | BCIS Wessex painting and decorating estimating price book |
| 250 ## - EDITION STATEMENT | |
| Edition statement | 13th ed. |
| 260 ## - PUBLICATION, DISTRIBUTION, ETC. | |
| Place of publication, distribution, etc. | Poole |
| Name of publisher, distributor, etc. | BCIS Wessex |
| Date of publication, distribution, etc. | 2006 |
| 300 ## - PHYSICAL DESCRIPTION | |
| Extent | v,158p |
| Dimensions | 19cm. |
| 350 ## - PRICE (NR) (BK AM CF MU VM SE) [OBSOLETE] | |
| Price | 25 |
| 520 ## - SUMMARY, ETC. | |
| Summary, etc. | Aims to provide a guide to current competitive rates for painting and decorating works. The rates are presented in seven sections covering hourly rates and supply prices of materials, new internal work, new external work, wall coverings, internal redecoration, external redecoration and composite prices. Includes a list of government and trade organisations. |
| 520 ## - SUMMARY, ETC. | |
| Summary, etc. | Supersedes 2005 Wessex painting and decorating estimating handbook (ISBN 0954736923) |
| 520 ## - SUMMARY, ETC. | |
| Summary, etc. | Superseded by 14th ed. (L137128). |
| 590 ## - LOCAL NOTE (RLIN) | |
| Local note | IKA230506 |
| 651 #4 - SUBJECT ADDED ENTRY--GEOGRAPHIC NAME | |
| Geographic name | United Kingdom |
| Chronological subdivision | |
| 690 ## - LOCAL SUBJECT ADDED ENTRY--TOPICAL TERM (OCLC, RLIN) | |
| Topical term or geographic name as entry element | BUILT ENVIRONMENT-BUILDING COSTS |
| 700 1# - ADDED ENTRY--PERSONAL NAME | |
| Personal name | Barnett, N.P. |
| 942 ## - ADDED ENTRY ELEMENTS (KOHA) | |
| Suppress in OPAC | 0 |
| Withdrawn status | Lost status | Source of classification or shelving scheme | Damaged status | Not for loan | Home library | Current library | Shelving location | Date acquired | Total Checkouts | Full call number | Barcode | Date last seen | Copy number | Price effective from | Koha item type |
|---|---|---|---|---|---|---|---|---|---|---|---|---|---|---|---|
| Dewey Decimal Classification | London | London | Basement | 27/03/2007 | 698.1028 BUI | 30072945 | 06/08/2019 | 3 | 06/08/2019 | Book | |||||
| Dewey Decimal Classification | London | London | RICS Boxes | 16/05/2006 | RICS 2006/13 | 30072942 | 06/08/2019 | 1 | 06/08/2019 | Archive |